000 00357nam a2200145Ia 4500
003 OSt
005 20240101072209.0
008 170524s9999 xx 000 0 und d
020 _a9788173919725
040 _cIIMT UNIVERSITY
100 _aSAXENA- AMBRISH
245 0 _aFUNDAMENTALS OF REPORTING & EDITING
260 _bNEW DELHI: KANISHKA
942 _2ddc
_c01
999 _c9327
_d9327